000 00321nam a2200121Ia 4500
008 240624s9999 xx 000 0 und d
041 _aeng
082 _a891.46 OAK
100 _aOAK VINAYAK KONDEV
245 _aMAHANMNIMALA MHANJE THOR PURUSHANCHI CHA
260 _c2013
_aKolhapur
_bRiya Publications
365 _cRS
_b20
999 _c30786
_d30786